IT rendszerek elemzése egy biztosítótársaság különböző üzletágai esetében

Bibliographic Details
Main Author: Dede Barnabás
Other Authors: Bozó Mária
Format: Final Paper
Kulcsszavak:Biztosítás
információ
javaslat
megújítás
Online Access:http://dolgozattar.uni-bge.hu/9799

MARC

LEADER 00000nta a2200000 i 4500
001 dolg9799
005 20161221085201.0
008 161221suuuu hu o 000 hun d
040 |a BGE Dolgozattár Repozitórium  |b hun 
041 |a hu 
100 1 |a Dede Barnabás 
245 1 0 |a IT rendszerek elemzése egy biztosítótársaság különböző üzletágai esetében  |c Dede Barnabás  |h [elektronikus dokumentum] 
516 |a Final_paper 
695 |a Biztosítás 
695 |a információ 
695 |a javaslat 
695 |a megújítás 
700 1 |a Bozó Mária  |e ths 
856 4 0 |u http://dolgozattar.uni-bge.hu/9799/1/Szakdolgozat_Dede_Barnab%C3%A1s.pdf  |z Dokumentum-elérés 
856 4 0 |u http://dolgozattar.uni-bge.hu/9799/2/Nyilatkozat%20Dede%20Barnab%C3%A1s.pdf  |z Dokumentum-elérés